<?xml version="1.0" encoding="UTF-8"?>
<record
    xmlns:xsi="http://www.w3.org/2001/XMLSchema-instance"
    xsi:schemaLocation="http://www.loc.gov/MARC21/slim http://www.loc.gov/standards/marcxml/schema/MARC21slim.xsd"
    xmlns="http://www.loc.gov/MARC21/slim">

  <leader>01254ntm a2200253 i 4500</leader>
  <controlfield tag="001">181399</controlfield>
  <controlfield tag="003">ES-MaACL</controlfield>
  <controlfield tag="005">20250729042548.0</controlfield>
  <controlfield tag="008">130110s1862    sp           |||| | spa d</controlfield>
  <datafield tag="040" ind1=" " ind2=" ">
    <subfield code="c">ES-MaACL</subfield>
  </datafield>
  <datafield tag="100" ind1="1" ind2=" ">
    <subfield code="a">Figuerola, Laureano,</subfield>
    <subfield code="d">1816-1903</subfield>
    <subfield code="9">50808</subfield>
    <subfield code="e">aut</subfield>
  </datafield>
  <datafield tag="245" ind1="1" ind2="0">
    <subfield code="a">Apuntes del derecho pol&#xED;tico comparado :</subfield>
    <subfield code="b">a&#xF1;o acad&#xE9;mico de 1860 a 1862</subfield>
    <subfield code="h">[Manuscrito] / </subfield>
    <subfield code="c">por... Laureano Figuerola ; [recogidos por Julio Herrero y Garc&#xED;a Sancha].</subfield>
  </datafield>
  <datafield tag="260" ind1=" " ind2=" ">
    <subfield code="a">[Madrid,</subfield>
    <subfield code="c">ca. 1862]</subfield>
  </datafield>
  <datafield tag="300" ind1=" " ind2=" ">
    <subfield code="a">[192] p&#xE1;ginas ; </subfield>
    <subfield code="c">22 cm.</subfield>
  </datafield>
  <datafield tag="500" ind1=" " ind2=" ">
    <subfield code="a">En la segunda hoja: "Sr. D. Laureano Figuerola: Por si de alguna utilidad pudieran serle estos ligeros apuntes de derecho pol&#xED;tico comparado, se lo dedica por deber, por gratitud y por cari&#xF1;o su disc&#xED;pulo Julio Herrero y Garc&#xED;a Sancha, 7 de febrero de 1862"</subfield>
  </datafield>
  <datafield tag="530" ind1=" " ind2=" ">
    <subfield code="a">Disponible en formato digital.</subfield>
  </datafield>
  <datafield tag="650" ind1=" " ind2="7">
    <subfield code="a">Derecho pol&#xED;tico</subfield>
    <subfield code="2">embne</subfield>
    <subfield code="9">135897</subfield>
  </datafield>
  <datafield tag="700" ind1="1" ind2=" ">
    <subfield code="9">152045</subfield>
    <subfield code="a">Herrero y Garc&#xED;a Sancha, Julio</subfield>
    <subfield code="e">red</subfield>
  </datafield>
  <datafield tag="852" ind1=" " ind2=" ">
    <subfield code="a">ES-MaACL</subfield>
    <subfield code="c">SPAL</subfield>
    <subfield code="j">C-3011</subfield>
  </datafield>
  <datafield tag="856" ind1=" " ind2=" ">
    <subfield code="u">https://bvpb.mcu.es/es/consulta/registro.do?id=577739</subfield>
    <subfield code="y">Versi&#xF3;n en l&#xED;nea </subfield>
    <subfield code="z">(Biblioteca Virtual del Patrimonio Bibliogr&#xE1;fico)</subfield>
  </datafield>
  <datafield tag="942" ind1=" " ind2=" ">
    <subfield code="c">MANUSCRITO</subfield>
  </datafield>
  <datafield tag="999" ind1=" " ind2=" ">
    <subfield code="c">181399</subfield>
    <subfield code="d">181399</subfield>
  </datafield>
  <datafield tag="952" ind1=" " ind2=" ">
    <subfield code="0">0</subfield>
    <subfield code="1">0</subfield>
    <subfield code="4">0</subfield>
    <subfield code="7">0</subfield>
    <subfield code="8">Colecci&#xF3;n_digital</subfield>
    <subfield code="a">ATENEOM</subfield>
    <subfield code="b">ATENEOM</subfield>
    <subfield code="c">SPAL</subfield>
    <subfield code="d">2013-01-10</subfield>
    <subfield code="e">DON</subfield>
    <subfield code="l">0</subfield>
    <subfield code="o">C-3011</subfield>
    <subfield code="p">1190638</subfield>
    <subfield code="r">2023-02-23 00:00:00</subfield>
    <subfield code="w">2023-02-23</subfield>
    <subfield code="y">MANUSCRITO</subfield>
  </datafield>
</record>
